000
00290nam a22001337a 4500
008
170726b xxu||||| |||| 00| 0 eng d
020
_a
9780672309625
041
_a
eng
080
_a
004
100
_a
30
101
_a
SHK
245
_a
RED HAT LINUX UNLEASHED
_c
HUSIN,K
942
_2
udc
_c
BK
999
_c
21960
_d
21960